000 00850nam a2200313Ia 4500
003 OSt
005 20221006145514.0
006 a|||||r|||| 00| 0
007 ta
008 221006b |||||||| |||| 00| 0 eng d
020 _a0300029553
_c104.48
020 _a300030320
020 _a9780300030327
024 _a15,102
037 _cTextual
040 _aEASL
_cEASL
_beng
041 _2eng
_aeng
082 _aP41, M3
100 _aYING Hsu
_9654618
245 0 _aSpeaking Chinese in China
260 _aLondon
_bYale University Press
_c1983
300 _a314p.
_ccm.
490 _v CEL
650 _a CEL
650 _aChinese language - Conversation and phrase books - English
_9654619
700 _a BROWN J. Marvin
_9654620
942 _hP41, M3
_cTEXL
_2CC
999 _c1083188
_d1083188